| 000 | 00435nam a2200145Ia 4500 | ||
|---|---|---|---|
| 041 | _aArabic | ||
| 082 | _a796 cut-692 خ | ||
| 100 | _a20260118u\\\\\\\\\\\y0engy0103\\\\ba | ||
| 100 | _aد.منذر هاشم الخطيب | ||
| 245 | 0 | _aتاریخ التربیە الریاضية | |
| 250 | _aط1 | ||
| 260 |
_bطبعت في مديرية مطبعة جامعة صلاح الدين _aاربيل _c1986 |
||
| 300 | _a370 | ||
| 942 | _cBk | ||
| 999 |
_c189397 _d189397 |
||